| 000 | 00562nam a22001817a 4500 | ||
|---|---|---|---|
| 999 |
_c7747 _d7747 |
||
| 003 | OSt | ||
| 005 | 20230612141724.0 | ||
| 008 | 230612b ||||| |||| 00| 0 eng d | ||
| 015 |
_2Biblioteca de Catalunya _aDL B6140-2023 |
||
| 020 | _a9788498095272 | ||
| 040 |
_aCDMR _bcat _cCDMR |
||
| 100 |
_94857 _aMilián Mestre, Manuel |
||
| 245 |
_aLes paradoxes de l'amistat _c/ Manuel Milián Mestre; pròleg de Joan Rosell |
||
| 260 |
_aBarcelona _b: Pòrtic _c, 2023 |
||
| 300 | _a299 pàgines | ||
| 600 | 0 |
_94857 _aMilián Mestre, Manuel _xBiografia |
|
| 942 |
_2udc _cMON |
||